000 01222cab a2200253 4500
001 ABS67837
008 040517n2004 000 0 eng u
035 _a(Sirsi) u126214
100 _aSpurge, V.
245 _aBroadband technology: how developers are responding to office occupiers' needs
260 _c2004
490 _aProperty Management
_v22(2) 2004, 108-126(14)
520 _aConsiders the role of developers in the provision of broadband telecommunication. Through interviews with key developers and broadband suppliers active within the Thames Valley office market, establishes what they are doing to promote broadband communications within their developments. Looks at their vision for the future supply of such services and the benefits arising from providing them. Table, graph, glossary and references. [Taken from journal abstract].
590 _aABS
650 _aTELECOMMUNICATIONS NETWORKS
650 _aBROADBAND COMMUNICATIONS
650 _aOFFICE NETWORK
650 _aPROPERTY-COMMERCIAL PROPERTY-OFFICE PROPERTY-OFFICE PROPERTY MARKET
650 _aTHAMES VALLEY
650 _aOFFICE OCCUPIERS
690 _aMANAGEMENT-FACILITIES MANAGEMENT
700 _aAlmond, N.
942 _n0
999 _c74400
_d74400